[Event "London Chess Classic: Blitz D"]
[Site "London"]
[Date "2019.12.08"]
[Round "7"]
[White "Haddock, Paul"]
[Black "Chakanyuka, Charles"]
[Result "0-1"]
[WhiteElo "1557"]
[BlackElo "2048"]
[PlyCount "74"]
[EventDate "2019.12.08"]
[EventType "swiss (blitz)"]
[EventRounds "11"]
[EventCountry "ENG"]
[SourceTitle "EXT 2021"]
[Source "ChessBase"]
[SourceDate "2020.10.23"]
[SourceVersion "1"]
[SourceVersionDate "2020.10.23"]
[SourceQuality "1"]

1. e4 d6 2. d4 Nf6 3. Nc3 c6 4. f4 Qa5 5. e5 Ne4 6. Bd2 Nxd2 7. Qxd2 g6 8. Nf3 Qc7 9. Bc4 e6 10. 0-0 Bg7 11. Rae1 0-0 12. Nh4 b5 13. Bd3 Qe7 14. Qf2 d5 15. g4 f5 16. exf6 Bxf6 17. Nf3 Qc7 18. Ne5 Nd7 19. Qg3 b4 20. Ne2 c5 21. c3 bxc3 22. bxc3 Bg7 23. f5 Nxe5 24. dxe5 Bxe5 25. Qh4 exf5 26. gxf5 Bf6 27. Qg3 Qxg3+ 28. Nxg3 Bxc3 29. Re7 Bf6 30. Rc7 g5 31. Nh5 Be5 32. f6 Bxc7 33. Bxh7+ Kxh7 34. f7 Kg6 35. Nf6 Bf4 36. Nxd5 Rxf7 37. Nxf4+ Rxf4 0-1

[Event "London Classic rapid op 11th"]
[Site "London"]
[Date "2019.12.07"]
[Round "2"]
[White "Chakanyuka, Charles"]
[Black "Ignatovic, Ernest"]
[Result "0-1"]
[WhiteElo "1995"]
[BlackElo "1775"]
[PlyCount "124"]
[EventDate "2019.12.07"]
[EventType "swiss (rapid)"]
[EventRounds "7"]
[EventCountry "ENG"]
[SourceTitle "CBM 195 Extra"]
[Source "ChessBase"]
[SourceDate "2020.05.31"]
[SourceVersion "1"]
[SourceVersionDate "2020.05.31"]
[SourceQuality "1"]

1. c4 Nf6 2. Nc3 d6 3. Nf3 g6 4. g3 Bg7 5. Bg2 0-0 6. 0-0 e5 7. d3 Nc6 8. Rb1 Rb8 9. b4 b6 10. b5 Na5 11. Bg5 h6 12. Bd2 Nh5 13. Qc1 Kh7 14. Nd5 Nb7 15. Nb4 Na5 16. Nd5 Nb7 17. e4 Nc5 18. Ne1 f5 19. Be3 Nf6 20. Bxc5 bxc5 21. Nc2 Nxd5 22. cxd5 f4 23. Qd1 Qg5 24. Ne1 Bg4 25. f3 Bd7 26. g4 Bxb5 27. Qc2 Rb6 28. Qf2 Rfb8 29. h4 Qe7 30. Bh3 g5 31. h5 Qd7 32. Qd2 Ba6 33. Rxb6 cxb6 34. Nc2 Qa4 35. Na1 Qd4+ 36. Kh2 Bxd3 37. Rd1 c4 38. Nc2 Bxc2 39. Qxc2 Qc5 40. Rb1 b5 41. Bf1 Bf6 42. Rb2 Rc8 43. Qc3 Bd8 44. a4 a6 45. axb5 Bb6 46. Bg2 axb5 47. Rb1 Ra8 48. Qb2 c3 49. Qb3 Ra3 50. Qc2 b4 51. Kh3 b3 52. Rxb3 Rxb3 53. Qxb3 c2 54. Qa4 Qc7 55. Qe8 Qg7 56. Qc8 Bc5 57. Qf5+ Kh8 58. Qc8+ Qg8 59. Qf5 c1Q 60. Qf6+ Qg7 61. Qd8+ Kh7 62. Qc8 Qe1 0-1

[Event "London Classic rapid op 11th"]
[Site "London"]
[Date "2019.12.07"]
[Round "6"]
[White "Chakanyuka, Charles"]
[Black "Kirupakaran, Vishnu"]
[Result "1/2-1/2"]
[WhiteElo "1995"]
[BlackElo "1581"]
[PlyCount "100"]
[EventDate "2019.12.07"]
[EventType "swiss (rapid)"]
[EventRounds "7"]
[EventCountry "ENG"]
[SourceTitle "CBM 195 Extra"]
[Source "ChessBase"]
[SourceDate "2020.05.31"]
[SourceVersion "1"]
[SourceVersionDate "2020.05.31"]
[SourceQuality "1"]

1. e4 c5 2. Nf3 d6 3. d4 cxd4 4. Qxd4 a6 5. c4 Nc6 6. Qd1 Nf6 7. Nc3 g6 8. g3 Bg7 9. Bg2 0-0 10. 0-0 Be6 11. Qe2 Rc8 12. Nd5 Na5 13. Nd2 Bxd5 14. exd5 Qc7 15. Re1 Rfe8 16. Bf1 Nd7 17. Rb1 Ne5 18. b3 b6 19. Bh3 Rb8 20. Bb2 Nb7 21. f4 Nd7 22. Bxg7 Kxg7 23. Nf3 Qc5+ 24. Qf2 Nf6 25. Re2 b5 26. Kg2 bxc4 27. bxc4 Qxc4 28. Reb2 Qxd5 29. Qa7 e6 30. Rxb7 Rxb7 31. Qxb7 Qxa2+ 32. Rb2 Qc4 33. Ng5 Qd5+ 34. Qxd5 Nxd5 35. Rb7 Re7 36. Rxe7 Nxe7 37. Ne4 d5 38. Nc5 a5 39. Kf2 Kf6 40. Ke3 Nc6 41. Kd3 Ke7 42. Kc3 Kd6 43. Nd3 f6 44. Bf1 e5 45. Nf2 exf4 46. gxf4 g5 47. fxg5 fxg5 48. Bb5 Ne5 49. h3 h5 50. Be2 g4 1/2-1/2

[Event "London Classic rapid op 11th"]
[Site "London"]
[Date "2019.12.07"]
[Round "4"]
[White "Chakanyuka, Charles"]
[Black "Tombolis, Christopher"]
[Result "0-1"]
[WhiteElo "1995"]
[BlackElo "1864"]
[PlyCount "204"]
[EventDate "2019.12.07"]
[EventType "swiss (rapid)"]
[EventRounds "7"]
[EventCountry "ENG"]
[SourceTitle "CBM 195 Extra"]
[Source "ChessBase"]
[SourceDate "2020.05.31"]
[SourceVersion "1"]
[SourceVersionDate "2020.05.31"]
[SourceQuality "1"]

1. c4 Nf6 2. Nc3 d5 3. cxd5 Nxd5 4. Nf3 g6 5. g3 Bg7 6. Bg2 c6 7. 0-0 0-0 8. e4 Nxc3 9. bxc3 Bg4 10. d4 c5 11. Bb2 cxd4 12. cxd4 Nc6 13. e5 e6 14. h3 Bf5 15. Nh4 Qb6 16. Ba3 Rfd8 17. Bc5 Qa5 18. Nxf5 gxf5 19. Bxc6 bxc6 20. Qf3 Rd5 21. Rfc1 Bxe5 22. dxe5 Rxc5 23. Rxc5 Qxc5 24. Qf4 Qe7 25. Rc1 Rc8 26. h4 Kg7 27. h5 h6 28. Rc3 Qg5 29. Qa4 Qd2 30. Re3 a5 31. Qb3 c5 32. Qb7 Qd1+ 33. Kh2 Qxh5+ 34. Kg2 Rd8 35. Qf3 Qxf3+ 36. Rxf3 Rd5 37. Ra3 c4 38. f4 c3 39. Rxc3 Rd2+ 40. Kh3 Rxa2 41. Rc8 a4 42. Ra8 a3 43. Ra7 Ra1 44. Kg2 Kg6 45. Ra8 a2 46. Rg8+ Kh7 47. Ra8 Kg7 48. Kh2 f6 49. Ra7+ Kg6 50. exf6 Kxf6 51. Ra6 Ke7 52. Kg2 Kd7 53. Kh2 Kc7 54. Kg2 Kb7 55. Ra3 Kb6 56. Ra8 Kc5 57. Rc8+ Kd4 58. Rd8+ Ke4 59. Ra8 h5 60. Ra4+ Ke3 61. Ra3+ Kd2 62. Ra6 Kc3 63. Rc6+ Kb4 64. Ra6 Kc5 65. Ra8 Kd5 66. Rd8+ Ke4 67. Ra8 Kd5 68. Rd8+ Kc6 69. Ra8 Kd6 70. Rd8+ Kc6 71. Ra8 Kd7 72. Ra7+ Kd6 73. Ra8 Ke7 74. Ra7+ Kf6 75. Ra8 Kg6 76. Rg8+ Kh7 77. Ra8 h4 78. gxh4 Kg6 79. Ra4 Kh5 80. Ra8 Kxh4 81. Ra7 Kg4 82. Ra4 Kh4 83. Kh2 Rf1 84. Rxa2 Rxf4 85. Kg2 Rg4+ 86. Kf2 Kg5 87. Ra6 e5 88. Re6 Kf4 89. Ra6 e4 90. Ra3 Rh4 91. Kg2 Rg4+ 92. Kf2 e3+ 93. Kf1 Kf3 94. Rb3 f4 95. Ra3 Rg5 96. Rb3 Rc5 97. Rb1 Rc3 98. Ra1 Kg3 99. Rb1 f3 100. Ra1 Rd3 101. Ke1 e2 102. Rb1 Rd1+ 0-1

[Event "London Classic rapid op 11th"]
[Site "London"]
[Date "2019.12.07"]
[Round "5"]
[White "Trivedi, Aarnavh"]
[Black "Chakanyuka, Charles"]
[Result "0-1"]
[WhiteElo "1611"]
[BlackElo "1995"]
[PlyCount "144"]
[EventDate "2019.12.07"]
[EventType "swiss (rapid)"]
[EventRounds "7"]
[EventCountry "ENG"]
[SourceTitle "CBM 195 Extra"]
[Source "ChessBase"]
[SourceDate "2020.05.31"]
[SourceVersion "1"]
[SourceVersionDate "2020.05.31"]
[SourceQuality "1"]

1. c4 Nf6 2. g3 g6 3. Bg2 Bg7 4. Nc3 0-0 5. d4 d6 6. e3 Nc6 7. Nge2 e5 8. d5 Ne7 9. b4 a5 10. Rb1 axb4 11. Rxb4 b6 12. a4 Nd7 13. Ba3 Nc5 14. Rb2 f5 15. Bxc5 bxc5 16. h4 Bd7 17. Qc2 Qc8 18. 0-0 Qa6 19. Nb5 Qa5 20. Rfb1 Rfc8 21. Ra2 h6 22. Qc3 Qa6 23. a5 Rcb8 24. Qb3 Rb7 25. Kh2 Rab8 26. Nec3 e4 27. Rd1 Rf8 28. Rb1 g5 29. hxg5 hxg5 30. Qc2 g4 31. Qd2 Ng6 32. Ra3 Ne5 33. Qe2 Nd3 34. Qd2 Be5 35. Ra2 Rf6 36. Kg1 Rh6 37. Nxe4 fxe4 38. Bxe4 Nb4 39. Ra3 Bxb5 40. cxb5 Qxb5 41. a6 Ra7 42. Bf5 Rxa6 43. Rxa6 Qxa6 44. e4 Bg7 45. Bxg4 Qd3 46. Qe1 Bd4 47. Kg2 Rf6 48. f4 Qc2+ 49. Be2 Qxe4+ 50. Bf3 Qxe1 51. Rxe1 Kg7 52. Kh3 Rf7 53. Bh5 Nd3 54. Re6 Nf2+ 55. Kg2 Rf5 56. Be2 Kf7 57. Kf3 Rh5 58. Kg2 Rxd5 59. Rh6 Kg7 60. Re6 Rf5 61. Bc4 d5 62. Ba2 c4 63. Kf3 Ne4 64. g4 Rf6 65. Re7+ Rf7 66. Re6 Nc3 67. Ra6 Nxa2 68. Rxa2 Re7 69. f5 Be3 70. Rg2 Bg5 71. Ra2 c3 72. Rc2 d4 0-1

[Event "London Classic op 11th"]
[Site "London"]
[Date "2019.12.05"]
[Round "8"]
[White "Chakanyuka, Charles"]
[Black "McClement, Andrew"]
[Result "0-1"]
[WhiteElo "2036"]
[BlackElo "2226"]
[PlyCount "106"]
[EventDate "2019.11.29"]
[EventType "swiss"]
[EventRounds "9"]
[EventCountry "ENG"]
[SourceTitle "CBM 193 Extra"]
[Source "ChessBase"]
[SourceDate "2020.01.31"]
[SourceVersion "1"]
[SourceVersionDate "2020.01.31"]
[SourceQuality "1"]

1. c4 Nf6 2. Nc3 e6 3. Nf3 c5 4. g3 Nc6 5. Bg2 Be7 6. 0-0 0-0 7. d3 a6 8. a3 Rb8 9. Bf4 d6 10. Rb1 b5 11. Nd2 Bd7 12. Nde4 Ne8 13. b3 f5 14. Nxc5 dxc5 15. Bxb8 Qxb8 16. e3 Nf6 17. Qe2 Qb6 18. Rfd1 Rb8 19. Qc2 Be8 20. Ne2 Nd8 21. d4 cxd4 22. exd4 Bxa3 23. c5 Qa7 24. Nf4 Bb4 25. Ra1 a5 26. Qe2 Bf7 27. Qe5 Rc8 28. Nd3 Bc3 29. Rac1 b4 30. Nf4 Nc6 31. Qe3 Ng4 32. Qd3 Nxd4 33. Rxc3 bxc3 34. h3 c2 35. Rc1 Qxc5 36. hxg4 e5 37. Ne2 Nxb3 38. Rf1 c1Q 39. Nxc1 Nxc1 40. Qxf5 Ne2+ 41. Kh2 Nd4 42. Qd7 Be6 43. Qb7 Bxg4 44. Ra1 Rf8 45. Qd5+ Qxd5 46. Bxd5+ Be6 47. Rxa5 Bxd5 48. Rxd5 Rxf2+ 49. Kh3 Rf5 50. g4 Rg5 51. Kh4 h6 52. Rd8+ Kf7 53. Rd6 Nc2 0-1

[Event "London Classic op 11th"]
[Site "London"]
[Date "2019.11.30"]
[Round "3"]
[White "Mohnblatt, Daniel"]
[Black "Chakanyuka, Charles"]
[Result "1/2-1/2"]
[WhiteElo "1688"]
[BlackElo "2036"]
[PlyCount "77"]
[EventDate "2019.11.29"]
[EventType "swiss"]
[EventRounds "9"]
[EventCountry "ENG"]
[SourceTitle "CBM 193 Extra"]
[Source "ChessBase"]
[SourceDate "2020.01.31"]
[SourceVersion "1"]
[SourceVersionDate "2020.01.31"]
[SourceQuality "1"]

1. d4 d6 2. e4 Nf6 3. Nc3 g6 4. f4 Bg7 5. Nf3 0-0 6. Bd3 c6 7. 0-0 Qc7 8. h3 e6 9. Be3 b5 10. a3 a6 11. Qd2 Bb7 12. f5 Nbd7 13. fxe6 fxe6 14. Bh6 c5 15. Bxg7 Kxg7 16. Qe3 Rae8 17. Rae1 cxd4 18. Nxd4 Qb6 19. Nf3 Nh5 20. Qxb6 Nxb6 21. Ng5 h6 22. Rxf8 Kxf8 23. Rf1+ Kg8 24. Nf7 Bc6 25. Nxh6+ Kg7 26. Ng4 Nd7 27. b4 Nb6 28. e5 d5 29. Nf6 Rh8 30. Ne2 g5 31. Nd4 Bd7 32. Nxh5+ Rxh5 33. Rf6 Rh6 34. Rf3 Nc4 35. Bxc4 dxc4 36. g4 Bc8 37. Kh2 Bb7 38. Rf2 Bd5 39. Kg3 1/2-1/2

[Event "Maidenhead op"]
[Site "Maidenhead"]
[Date "2019.08.24"]
[Round "2"]
[White "Chakanyuka, Charles"]
[Black "Peters, Stephen G"]
[Result "1-0"]
[WhiteElo "2019"]
[BlackElo "2027"]
[PlyCount "119"]
[EventDate "2019.08.24"]
[EventType "swiss"]
[EventRounds "6"]
[EventCountry "ENG"]
[SourceTitle "EXT 2020"]
[Source "ChessBase"]
[SourceDate "2019.10.17"]
[SourceVersion "1"]
[SourceVersionDate "2019.10.17"]
[SourceQuality "1"]

1. c4 Nf6 2. Nc3 g6 3. Nf3 Bg7 4. g3 d6 5. Bg2 0-0 6. 0-0 e5 7. d3 Be6 8. Qb3 Nbd7 9. Ng5 Nc5 10. Qc2 Bc8 11. b4 Ne6 12. Nxe6 Bxe6 13. Rb1 Qc8 14. Bg5 Bh3 15. Qd2 Bxg2 16. Kxg2 c6 17. Rfd1 Qe6 18. e4 Nd7 19. Bh6 f5 20. Bxg7 Kxg7 21. f3 Rf7 22. Rf1 Raf8 23. Rf2 Nf6 24. Rbf1 h6 25. Qe2 f4 26. Qd2 fxg3 27. hxg3 g5 28. Nd1 Ng8 29. Ne3 Ne7 30. Rh1 Rf6 31. Ng4 Rg6 32. Qb2 Ng8 33. c5 Nf6 34. Ne3 d5 35. Nf5+ Kh7 36. g4 d4 37. Kg3 Ng8 38. Rfh2 Rff6 39. Qa3 a6 40. Qa5 Qf7 41. Qd8 Re6 42. Qb6 Ref6 43. Qd8 Re6 44. Rb2 Ne7 45. Kg2 Rgf6 46. Qb8 Ng8 47. Rh3 Re8 48. Qa7 Qd7 49. Kg1 Ne7 50. Qb6 Nxf5 51. gxf5 Rg8 52. Rg2 Rg7 53. Qa5 Qf7 54. Qa3 Qg8 55. Rhg3 Qf7 56. Qc1 Kg8 57. Rh3 Kf8 58. Qe1 Ke7 59. Qg3 Kf8 60. Qxe5 1-0

[Event "Coventry op"]
[Site "Coventry"]
[Date "2005.03.27"]
[Round "6"]
[White "Buckley, David"]
[Black "Chakanyuka, Charles"]
[Result "1-0"]
[WhiteElo "2223"]
[BlackElo "2129"]
[PlyCount "43"]
[EventDate "2005.03.24"]
[EventType "swiss"]
[EventRounds "9"]
[EventCountry "ENG"]
[SourceTitle "CBM 105 Extra"]
[Source "ChessBase"]
[SourceDate "2005.05.01"]
[SourceVersion "1"]
[SourceVersionDate "2005.05.01"]
[SourceQuality "1"]

1. e4 d6 2. d4 Nf6 3. Nc3 c6 4. f4 Qa5 5. Bd3 e5 6. Nf3 Nbd7 7. Be3 Be7 8. Qd2 Qc7 9. h3 h5 10. 0-0-0 b5 11. dxe5 dxe5 12. fxe5 Nxe5 13. Nxe5 Qxe5 14. Bf4 Qc5 15. e5 Nd5 16. Ne4 Qb4 17. c3 Qa4 18. Bg5 Be6 19. Bxe7 Nxe7 20. Bb1 Nd5 21. Qg5 Kd7 22. Nc5+ 1-0

[Event "Coventry op"]
[Site "Coventry"]
[Date "2005.03.25"]
[Round "3"]
[White "Chakanyuka, Charles"]
[Black "Britton, Richard"]
[Result "1-0"]
[WhiteElo "2129"]
[BlackElo "2309"]
[PlyCount "71"]
[EventDate "2005.03.24"]
[EventType "swiss"]
[EventRounds "9"]
[EventCountry "ENG"]
[SourceTitle "CBM 105 Extra"]
[Source "ChessBase"]
[SourceDate "2005.05.01"]
[SourceVersion "1"]
[SourceVersionDate "2005.05.01"]
[SourceQuality "1"]

1. e4 c5 2. Nf3 d6 3. d4 cxd4 4. Nxd4 Nf6 5. Nc3 a6 6. f3 e5 7. Nb3 Be6 8. Be3 Nbd7 9. Qd2 Rc8 10. g4 Nb6 11. 0-0-0 Be7 12. Kb1 0-0 13. h4 Nfd7 14. g5 Qc7 15. h5 f5 16. exf5 Bxf5 17. g6 Nf6 18. gxh7+ Kh8 19. h6 g6 20. Bd3 Nc4 21. Bxc4 Qxc4 22. Rh2 Kxh7 23. Bg5 Qe6 24. Re2 Qf7 25. Qe3 Rc6 26. Na5 Rc7 27. Bxf6 Bxf6 28. Rxd6 Be7 29. Qxe5 Bxd6 30. Qxd6 Rd7 31. Qe5 Rfd8 32. Nb3 b5 33. Re1 Rg8 34. Nc5 Rdd8 35. N5e4 Bxe4 36. Nxe4 1-0

[Event "Oxford University op 4th"]
[Site "Oxford"]
[Date "2004.04.24"]
[Round "2"]
[White "Chakanyuka, Charles"]
[Black "Bigg, Andrew J"]
[Result "0-1"]
[WhiteElo "2160"]
[BlackElo "2267"]
[PlyCount "128"]
[EventDate "2004.04.24"]
[EventType "swiss"]
[EventRounds "5"]
[EventCountry "ENG"]
[SourceTitle "EXT 2008"]
[Source "ChessBase"]
[SourceDate "2007.11.25"]
[SourceVersion "1"]
[SourceVersionDate "2007.11.25"]
[SourceQuality "1"]

1. e4 e6 2. d4 d5 3. e5 c5 4. c3 Nc6 5. Nf3 Bd7 6. Be2 Nge7 7. 0-0 Ng6 8. b3 Be7 9. Re1 0-0 10. Bb2 cxd4 11. cxd4 Qa5 12. a3 Qb6 13. b4 f6 14. exf6 Rxf6 15. Nc3 Raf8 16. Na4 Qd8 17. Nc5 Nf4 18. Nd3 Nxd3 19. Bxd3 Qe8 20. Qe2 Bd6 21. Ne5 Rf4 22. Rad1 Nxe5 23. dxe5 Bc7 24. f3 Bb6+ 25. Kh1 Qh5 26. Bc1 Ba4 27. Bxf4 Bxd1 28. Qd2 Bxf3 29. Bg3 Bg4 30. Rf1 Rxf1+ 31. Bxf1 Qf7 32. Bd3 Bf5 33. h3 Qg6 34. Bxf5 Qxf5 35. Qc1 h6 36. Kh2 Kh7 37. h4 d4 38. Qf4 Qxf4 39. Bxf4 d3 40. Kg3 Bd4 41. Kf3 Bc3 42. h5 g5 43. Bg3 b5 44. Ke3 d2 45. Ke2 Kg7 46. Bf2 a6 47. Be3 Bxe5 48. Bxd2 Kf6 49. g4 Bd4 50. Kd3 Ke5 51. Be1 Kd5 52. Bg3 e5 53. Be1 e4+ 54. Ke2 Bb2 55. Ke3 Bc1+ 56. Ke2 Bxa3 57. Bc3 Kc4 58. Bg7 Bxb4 59. Bxh6 Bc3 60. Bxg5 b4 61. h6 b3 62. Kd1 Kd3 63. Kc1 a5 64. Kb1 a4 0-1

[Event "Oxford University op 4th"]
[Site "Oxford"]
[Date "2004.04.24"]
[Round "3"]
[White "Rawlinson, Aidan"]
[Black "Chakanyuka, Charles"]
[Result "1-0"]
[WhiteElo "2147"]
[BlackElo "2160"]
[PlyCount "91"]
[EventDate "2004.04.24"]
[EventType "swiss"]
[EventRounds "5"]
[EventCountry "ENG"]
[SourceTitle "EXT 2008"]
[Source "ChessBase"]
[SourceDate "2007.11.25"]
[SourceVersion "1"]
[SourceVersionDate "2007.11.25"]
[SourceQuality "1"]

1. e4 d6 2. d4 Nf6 3. Nc3 c6 4. f4 Qa5 5. Bd3 e5 6. Nf3 Nbd7 7. 0-0 Be7 8. Kh1 h5 9. Be3 Ng4 10. Qd2 Nxe3 11. Qxe3 Bf6 12. Rae1 Qb6 13. Ne2 Qc7 14. Ng3 g6 15. dxe5 dxe5 16. f5 h4 17. Ne2 Qb6 18. Qd2 gxf5 19. exf5 h3 20. g4 Be7 21. g5 f6 22. Ng3 Qb4 23. Qe2 Qf4 24. gxf6 Bxf6 25. Nxe5 Qxe5 26. Qg4 Kd8 27. Rxe5 Nxe5 28. Qe2 Nxd3 29. Qxd3+ Kc7 30. Qc4 Bd7 31. Ne4 b5 32. Qc5 Bxb2 33. c3 Rhe8 34. Qd6+ Kb6 35. Qd4+ Kc7 36. Nf6 Re7 37. Qb4 Re2 38. Qf4+ Kb7 39. Nxd7 Bxc3 40. Qf3 Re1 41. Nc5+ Kb6 42. Rxe1 Bxe1 43. Qe3 Bh4 44. Ne6+ Ka5 45. Qxh3 Bf2 46. Kg2 1-0

[Event "Coventry op 1st"]
[Site "Coventry"]
[Date "2004.04.16"]
[Round "1"]
[White "Chakanyuka, Charles"]
[Black "Berzinsh, Roland"]
[Result "0-1"]
[WhiteElo "2160"]
[BlackElo "2456"]
[PlyCount "66"]
[EventDate "2004.04.16"]
[EventType "swiss"]
[EventRounds "5"]
[EventCountry "ENG"]
[SourceTitle "CBM 099 Extra"]
[Source "ChessBase"]
[SourceDate "2004.05.04"]
[SourceVersion "1"]
[SourceVersionDate "2004.05.04"]
[SourceQuality "1"]

1. e4 e5 2. Nf3 Nc6 3. d4 exd4 4. Nxd4 Bc5 5. Be3 Qf6 6. c3 Nge7 7. Bc4 Ne5 8. Be2 d5 9. f4 Ng4 10. Bxg4 Qh4+ 11. g3 Qxg4 12. Qd3 0-0 13. 0-0 dxe4 14. Qxe4 Nf5 15. Bf2 Bxd4 16. Bxd4 Nd6 17. Qg2 b6 18. Nd2 Bb7 19. Qf2 c5 20. Be5 Nf5 21. c4 h5 22. Rfe1 Rfe8 23. a4 h4 24. Nf1 Re6 25. Ne3 Nxe3 26. Rxe3 f6 27. Bc3 Rxe3 28. Qxe3 Qh3 29. Qf2 Rd8 30. Re1 Rd3 31. Re8+ Kf7 32. Qe2 Rd1+ 33. Kf2 Qxh2+ 0-1

[Event "Southend op"]
[Site "London"]
[Date "2004.04.10"]
[Round "3"]
[White "Chakanyuka, Charles"]
[Black "Young, Melvyn Jack"]
[Result "1-0"]
[WhiteElo "2160"]
[BlackElo "1980"]
[PlyCount "125"]
[EventDate "2004.04.09"]
[EventType "swiss"]
[EventRounds "7"]
[EventCountry "ENG"]
[SourceTitle "EXT 2006"]
[Source "ChessBase"]
[SourceDate "2005.11.24"]
[SourceVersion "1"]
[SourceVersionDate "2005.11.24"]
[SourceQuality "1"]

1. e4 d5 2. exd5 Qxd5 3. Nc3 Qd6 4. d4 Nf6 5. h3 a6 6. Nf3 e6 7. Bc4 b5 8. Bb3 c5 9. dxc5 Qxd1+ 10. Nxd1 Bxc5 11. Be3 Nbd7 12. 0-0 0-0 13. c4 Bb7 14. Nd4 Ne4 15. cxb5 Bxd4 16. Bxd4 axb5 17. Re1 Rfc8 18. Nc3 Nxc3 19. Bxc3 Nc5 20. Bd1 b4 21. Bd4 Nd3 22. Re3 Nf4 23. Rg3 g6 24. Be5 Nd5 25. Bb3 Ra6 26. h4 h5 27. Rd1 Rac6 28. Kh2 Rc1 29. Rgd3 Ba6 30. Rxc1 Rxc1 31. Rd4 Re1 32. f4 f6 33. Bxd5 fxe5 34. Bxe6+ Kf8 35. fxe5 Rxe5 36. Bb3 Re2 37. Rxb4 Rxb2 38. Rb8+ Ke7 39. Rb4 Bd3 40. Rb7+ Kd6 41. Rb4 Ke5 42. Ra4 Bf5 43. Ra5+ Kd6 44. Bd5 Rb4 45. g3 Rb2+ 46. Kg1 Rb1+ 47. Kf2 Rb2+ 48. Ke3 Rb4 49. Bf3 Rc4 50. Bxh5 Rc3+ 51. Kf4 Bd3 52. Bf3 Bf5 53. Ra6+ Kc7 54. g4 Rc4+ 55. Kg5 Bb1 56. Ra7+ Kd6 57. a4 Rc3 58. Be2 Re3 59. Bb5 Bc2 60. Ra6+ Ke7 61. Ra7+ Kd6 62. Rd7+ Ke5 63. Re7+ 1-0

[Event "Southend op"]
[Site "London"]
[Date "2004.04.09"]
[Round "2"]
[White "Twyble, Michael"]
[Black "Chakanyuka, Charles"]
[Result "1-0"]
[WhiteElo "2245"]
[BlackElo "2160"]
[PlyCount "135"]
[EventDate "2004.04.09"]
[EventType "swiss"]
[EventRounds "7"]
[EventCountry "ENG"]
[SourceTitle "EXT 2006"]
[Source "ChessBase"]
[SourceDate "2005.11.24"]
[SourceVersion "1"]
[SourceVersionDate "2005.11.24"]
[SourceQuality "1"]

1. d4 Nf6 2. c4 g6 3. Nc3 Bg7 4. e4 d6 5. Nf3 0-0 6. Be2 e5 7. d5 a5 8. Bg5 Na6 9. Nd2 Bd7 10. a3 Qe8 11. b3 h6 12. Be3 Nh7 13. f3 f5 14. 0-0 f4 15. Bf2 g5 16. b4 h5 17. c5 Bf6 18. c6 bxc6 19. dxc6 Be6 20. b5 Nc5 21. Bxc5 dxc5 22. Bc4 Kh8 23. Bxe6 Qxe6 24. Qb3 Qe8 25. Nd5 Bd8 26. Qc3 Nf6 27. Nxf6 Bxf6 28. Nb3 g4 29. Nxc5 Rg8 30. Nd7 Bg7 31. Kh1 Qg6 32. Rad1 h4 33. fxg4 Qxg4 34. Qf3 Qg5 35. Rd5 Rae8 36. Qh3 Bh6 37. b6 cxb6 38. c7 Qg6 39. Nxe5 Qg7 40. Nf3 Qxc7 41. Nxh4 Qc4 42. Rg1 Qc6 43. Rh5 Re6 44. Nf5 Rgg6 45. Nd4 Qxe4 46. Nxe6 Qxe6 47. Qxe6 Rxe6 48. Rb1 Kh7 49. Rhb5 Bf8 50. Rxb6 Rxb6 51. Rxb6 Bxa3 52. Ra6 Bb4 53. Kg1 Kg7 54. Kf2 Kf7 55. Kf3 Bd2 56. Ke4 Ke7 57. h4 Kf7 58. Rd6 Bc1 59. Rd1 Bb2 60. Kxf4 a4 61. Rd7+ Kg6 62. Ra7 a3 63. Ra6+ Kg7 64. g4 Kh7 65. Kf5 Kg7 66. Ra7+ Kg8 67. Kg6 Kf8 68. h5 1-0